India's partition: preludes and legacies (Record no. 2206)

MARC details
000 -LEADER
fixed length control field 00492nam a2200181Ia 4500
020 ## - INTERNATIONAL STANDARD BOOK NUMBER
ISBN 81-7033-433-8
082 ## - DEWEY DECIMAL CLASSIFICATION NUMBER
Classification number 954.04 IND-
245 #0 - TITLE STATEMENT
Title India's partition: preludes and legacies
260 ## - PUBLICATION, DISTRIBUTION, ETC. (IMPRINT)
Place of publication Jaipur
Name of publisher Rawat Publications
Year of publication 1998
300 ## - PHYSICAL DESCRIPTION
Number of Pages 377p.
440 ## - SERIES STATEMENT/ADDED ENTRY--TITLE
Title South Asia studies series; 35
504 ## - BIBLIOGRAPHY, ETC. NOTE
Bibliography, etc Includes index
650 ## - SUBJECT ADDED ENTRY--TOPICAL TERM
Topical Term India-Pakistan conflict - 1947-1949
650 ## - SUBJECT ADDED ENTRY--TOPICAL TERM
Topical Term India - History - Partition - 1947
700 ## - ADDED ENTRY--PERSONAL NAME
Personal name Ramakant
700 ## - ADDED ENTRY--PERSONAL NAME
Personal name Mahan, Rajan
942 ## - ADDED ENTRY ELEMENTS (KOHA)
Koha item type Books
Holdings
Withdrawn status Lost status Damaged status Not for loan Home library Current library Date acquired Bill Date Full call number Accession Number Price effective from Koha item type
        NASSDOC Library NASSDOC Library 08/06/2004 2004-10-05 954.04 IND- 36545 18/04/2019 Books